Mirza Ghalib - Ek Jaeza (Tahqeeqi Mazameen) (Record no. 23206)

MARC details
000 -LEADER
fixed length control field 00356nam a22001457a 4500
020 ## - INTERNATIONAL STANDARD BOOK NUMBER
ISBN 97898382350378
082 ## - DEWEY DECIMAL CLASSIFICATION NUMBER
Classification number 891.43
Author Cutter ASK
100 ## - MAIN ENTRY--AUTHOR NAME
Author name Dr. Askari Safdar
245 ## - TITLE STATEMENT
Title Mirza Ghalib - Ek Jaeza (Tahqeeqi Mazameen)
260 ## - PUBLICATION, DISTRIBUTION, ETC. (IMPRINT)
Place of publication Hyderabad
Name of publisher Nisaab Publishers
Year of publication 2021
300 ## - PHYSICAL DESCRIPTION
Number of Pages 192
650 ## - SUBJECT ADDED ENTRY--TOPICAL TERM
Topical Term Urdu Poetry (Ghalib)
942 ## - ADDED ENTRY ELEMENTS (KOHA)
Koha item type Books
Holdings
Home library Current library Shelving location Date acquired Source of acquisition Cost, normal purchase price Full call number Accession Number Koha item type
Henry Martyn Institute Library Henry Martyn Institute Library General stacks 03/23/2022 Safdar 300.00 891.43 ASK 11-4580 Books
                   Copyright © 2026 | Henry Martyn Institute | Hyderabad | TS-500052 | INDIA | Implemented by hmi.edu.in
Hit-Count:

Powered by Koha